| 000 | 00956cam a22002531i 4500 | ||
|---|---|---|---|
| 003 | SA-RiAUC | ||
| 005 | 20250602072005.0 | ||
| 008 | 250601s2004 ae g 000 0 ara c | ||
| 040 |
_aSA-JeALM _bara _cSA-RiAUC _erda |
||
| 082 | 0 | 4 | _a250 |
| 090 |
_a250 _bا ب ن ع |
||
| 100 | 1 |
_aابن عامر، عماد _eمؤلف. |
|
| 245 | 1 | 2 |
_aالهجرة إلى بلاد غير المسلمين : _bحكمها، ضوابطها وتطبيقاتها / _cتأليف عماد بن عامر. |
| 250 | _aالطبعة الاولى. | ||
| 264 | 1 |
_aالجزائر : _bدار التراث ناشرون، _c2004 |
|
| 300 |
_a369 صفحة _c24 سم |
||
| 336 |
_aنص _btxt _2rdacontent _3كتاب |
||
| 337 |
_aبدون وسيط _bn _2rdamedia |
||
| 338 |
_aمجلد _bnc _2rdacarrier |
||
| 650 | 7 |
_aالهجرة (فقه إسلامي) _2aucsh |
|
| 650 | 7 |
_aالرحلات (فقه إسلامي) _2aucsh |
|
| 942 |
_2ddc _cBOOK _n0 |
||
| 949 |
_aSA-JeALM _d250601 _uosman123 _n1 |
||
| 999 |
_c8626 _d8626 |
||